000 00815nac a22002291u 4500
010 _a009430234
020 _a0723606536 (pbk)
082 _a616.075
_bEa779
090 _c3430
_d3430
100 _aEastham, R. D. (Robertn)
245 _aA laboratory guide to clinical diagnosis /
_c R.D. Eastham.
260 _aBristol :
_b John Wright, C.1983.
_cC.1983.
300 _axi,367p. ;
_c22cm.
500 _aDonations .
500 _aDonations - Bibliotheca Alexandrina.
500 _aPrevious ed.: 1976.
504 _aIncludes index.
650 _aDiagnosis, Laboratory.
650 _aMedicine Diagnosis Laboratory techniques
942 _cBB
_k616.075Ea779
999 _c3430
_d3430